Eurasian Countries - Statistics

General Stats
  • This quiz has been taken 21 times
  • The average score is 6 of 7
Answer Stats
Answer % Correct
Russia
100%
Turkey
95%
Armenia
89%
Azerbaijan
89%
Georgia
89%
Kazakhstan
84%
Cyprus
79%
No matching quizzes found
Score Distribution
Percent of People with Each Score
Percentile by Number Answered
Your Score History
You have not taken this quiz